American bamboos / (Registro nro. 1881)
[ vista simple ]
| 000 -CABECERA | |
|---|---|
| Campo de control | 00854cam a2200241 i 4500 |
| 005 - FECHA Y HORA DE LA ULTIMA TRANSACCION | |
| Campo de control | 20160726093153.0 |
| 008 - ELEMENTOS DE LONGITUD FIJA—INFORMACION GENERAL | |
| Campo de control | 010223s1999 us ab r 00110 eng d |
| 020 ## - ISBN | |
| ISBN | 1560985690 |
| 040 ## - FUENTE DE CATALOGACIÓN | |
| Agencia catalogadora original | la |
| Agencia transcriptora | la |
| Agencia Modificadora | CO-BoIAVH |
| 041 0# - IDIOMA | |
| Código de idioma para texto/pista de sonido o título separado | Inglés |
| 043 ## - GEOGRAPHIC AREA CODE | |
| Geographic area code | cl----- |
| 082 04 - NUMERO DE CLASIFICACION DECIMAL DEWEY | |
| Número de clasificación | 584.9 |
| Número del ítem | J93a |
| 100 1# - ASIENTO PRINCIPAL--NOMBRE PERSONAL | |
| Nombre personal | Judziewicz, Emmet J. |
| 9 (RLIN) | 13565 |
| 245 10 - MENCION DE TITULO | |
| Título | American bamboos / |
| Mención de responsabilidad | Emmet J. Judziewicz y (otros tres autores más). |
| 260 ## - PUBLICACION, DISTRIBUCION, ETC. (PIE DE IMPRENTA) | |
| Lugar de publicación, distribución, etc. | Washington ; London : |
| Nombre del editor, distribuidor, etc. | Smithsonian Institution Press, |
| Fecha de publicación, distribución, etc. | 1999. |
| 300 ## - DESCRIPCION FISICA | |
| Extensión | 392 páginas : |
| Otros detalles físicos | ilustraciones y mapas ; |
| Dimensiones | 26 cm. |
| 504 ## - NOTA DE BIBLIOGRAFIA, ETC. | |
| Nota de bibliografía | Incluye referencias bibliográficas, índice y glosario. |
| 650 14 - ASIENTO SECUNDARIO DE MATERIA - TERMINO TEMATICO | |
| Término temático o nombre geográfico como elemento de entrada | Bambú |
| Subdivisión general | Producción |
| Subdivisión geográfica | América Latina. |
| 9 (RLIN) | 73263 |
| 650 24 - ASIENTO SECUNDARIO DE MATERIA - TERMINO TEMATICO | |
| Término temático o nombre geográfico como elemento de entrada | Bambú |
| Subdivisión general | Cultivo |
| Subdivisión geográfica | América Latina. |
| 9 (RLIN) | 73264 |
| 650 24 - ASIENTO SECUNDARIO DE MATERIA - TERMINO TEMATICO | |
| Término temático o nombre geográfico como elemento de entrada | Bambú |
| Subdivisión general | Variedades |
| Subdivisión geográfica | América Latina. |
| 9 (RLIN) | 73265 |
| 942 ## - ELEMENTOS ADICIONALES (KOHA) | |
| Sistema de clasificación | Dewey Decimal Classification |
| Tipo de ítem | Libro |
| 949 ## - LOCAL PROCESSING INFORMATION (OCLC) | |
| a | n |
| b | n |
| Withdrawn status | Lost status | Sistema de Clasificación | Damaged status | No para préstamo | Colección | Inventariado | Ubicación Permanente | Ubicación actual | Fecha de adquisición | Fuente de Valor | Valor | Total Checkouts | Número topográfico | Inventario / Código de Barras | Date last seen | Ejemplar | Price effective from | Forma de adquisición | Tipo de material |
|---|---|---|---|---|---|---|---|---|---|---|---|---|---|---|---|---|---|---|---|
| Dewey Decimal Classification | General | Inventariado 2017 | Bogotá | Bogotá | 24/01/2001 | 39000.00 | LB-584.9 J93a | 002350 | 04/12/2012 | Ej. 1 | 04/12/2012 | Libro | |||||||
| Dewey Decimal Classification | General | Inventariado 2017 | Sala Fabio Quevedo | Sala Fabio Quevedo | 10/05/2001 | Sánchez, Enrique | 39000.00 | LB-584.9 J93a | 002349 | 04/12/2012 | Ej. 2 | 04/12/2012 | Donación | Libro |